[Event "Izhevsk op-A"]
[Site "Izhevsk"]
[Date "2010.07.20"]
[Round "6"]
[White "Voitsekhovsky, Stanislav"]
[Black "Savina, Anastasia"]
[Result "1/2-1/2"]
[WhiteElo "2524"]
[BlackElo "2392"]
[PlyCount "182"]
[EventDate "2010.07.15"]
[EventType "swiss"]
[EventRounds "9"]
[EventCountry "RUS"]
[SourceTitle "CBM 137 Extra"]
[Source "ChessBase"]
[SourceDate "2010.09.01"]
[SourceVersion "1"]
[SourceVersionDate "2010.09.01"]
[SourceQuality "1"]

1. e4 c5 2. Nf3 Nc6 3. d4 cxd4 4. Nxd4 Nf6 5. Nc3 e5 6. Ndb5 d6 7. Bg5 a6 8. Na3 b5 9. Nd5 Be7 10. Bxf6 Bxf6 11. c4 b4 12. Nc2 0-0 13. g3 a5 14. Bg2 Bg5 15. 0-0 Rb8 16. b3 Ne7 17. Nce3 Nxd5 18. Nxd5 Be6 19. Qd3 Bxd5 20. Qxd5 Qb6 21. Rfd1 Be7 22. Bh3 Qc7 23. Rd3 a4 24. Rf3 Rb7 25. Rd1 Ra7 26. Bf1 axb3 27. axb3 Ra5 28. Qd2 Qb7 29. Rd3 Rfa8 30. Qe3 Qa7 31. Qf3 Rc8 32. h4 Rcc5 33. h5 h6 34. Qf5 Ra6 35. Bh3 Bf8 36. Qf3 Ra2 37. R3d2 Rxd2 38. Rxd2 Ra5 39. Bc8 Qe7 40. Kg2 Qg5 41. Rd1 Qe7 42. Bf5 Qa7 43. Rd3 Ra1 44. Rd5 Qa3 45. Rd1 Rxd1 46. Qxd1 Qa8 47. Qd2 Qb7 48. Qa2 Be7 49. Qa5 Kf8 50. Kf3 Ke8 51. Qa4+ Kf8 52. Bd7 Bg5 53. Bc6 Qb8 54. Bd5 Bd8 55. Qd7 Qc7 56. Qb5 Qb6 57. Ke2 Qxb5 58. cxb5 Ke7 59. Kd3 Bb6 60. f3 f6 61. Kc4 Bc5 62. Bc6 Kd8 63. Kd5 Ke7 64. g4 Be3 65. Kc4 Bc5 66. Bd5 Kd7 67. Bf7 Ke7 68. Bg6 Kd7 69. Kd5 Be3 70. Bf5+ Kc7 71. Bg6 Kd7 72. Bh7 Kc7 73. Bf5 Bc1 74. Bg6 Be3 75. Be8 Kd8 76. Bg6 Kd7 77. Bh7 Kc7 78. Bf5 Bc1 79. Bg6 Be3 80. Ke6 Kb6 81. Be8 Kc5 82. Bc6 Bd2 83. Kf7 Bg5 84. Kxg7 Kb6 85. Kg6 Kc7 86. Kf5 Kb6 87. Ke6 Kc7 88. Kd5 Bf4 89. Ke6 Bg5 90. Kd5 Bf4 91. Ke6 Bg5 1/2-1/2